| 000 | 00430nam a2200169 a 4500 | ||
|---|---|---|---|
| 001 | 0000-8588 | ||
| 003 | ELIB.Books | ||
| 008 | 110520 1979 | ||
| 035 | _a(ELIB.Books)0000-8734 | ||
| 082 |
_a248 _bChi |
||
| 100 | _aChilson, Richard | ||
| 245 | _aThe Way to Christianity | ||
| 260 |
_bMinneapolis: Winston Press Inc. _c1979 |
||
| 650 | _aChristian Life | ||
| 942 |
_2ddc _cBK |
||
| 998 |
_cbat _e2011-05-20 |
||
| 999 |
_c8588 _d8588 |
||